Cómo surgieron los seres y las cosas /

Guardado en:
Autor Principal: Di Paolo, Rossella
Formato: Libro
Publicado: Buenos Aires : Aique, 2013
Materias:
Etiquetas: Agregar Etiqueta
Sin Etiquetas, Sea el primero en etiquetar este registro!
LEADER 00571nam a22002055a 4500
001 CEM.cems014383
005 20140430180859.0
008 130507s2013##################000#0#####d
003 CEMS
020 |a 9789507019630 
082 0 4 |a 398.2 
100 1 |a Di Paolo, Rossella 
245 1 0 |a Cómo surgieron los seres y las cosas /  |c Rossella Di Paolo 
260 |a Buenos Aires :  |b Aique,  |c 2013 
300 |a 104 p. 
653 |a Literatura folklórica 
653 |a Folcklore 
653 |a Cuentos 
653 |a Leyendas 
859 |a CEMS  |b BIB. CEMS - 11 de abril  |h 398.2  |i D625  |p 26951.14  |t Ej.1